[Event "Kalamazoo (Swiss/1/1)"]
[Site "?"]
[Date "1996.??.??"]
[Round "?"]
[White "Brown, Dan"]
[Black "Pecot, Dave"]
[Result "1-0"]
[WhiteElo "1870"]
[BlackElo "1605"]
[PlyCount "49"]
[EventDate "1996.??.??"]

{1/(1)} 1. e4 e5 2. Nf3 f5 3. Bc4 fxe4 4. Nxe5 d5 5. Qh5+ g6 6. Nxg6 Nf6 7.
Qe5+ Be7 8. Nxh8 dxc4 9. Qb5+ Nc6 10. Qxc4 Ne5 11. Qb5+ Nc6 12. Nc3 Qd4 13. O-O
Bc5 14. Qe2 Bg4 15. Qe3 Qe5 16. Qg3 Qe7 17. d3 Bd6 18. Qh4 Qg7 19. Bg5 Be7 20.
Rae1 Ne5 21. Nxe4 Nxe4 22. Rxe4 Bf3 23. Rxe5 Qxe5 24. Bxe7 Qg7 25. Bg5 1-0

[Event "Kalamazoo (Swiss/3/1)"]
[Site "?"]
[Date "1996.??.??"]
[Round "?"]
[White "Brown, Dan"]
[Black "Moore, Robert"]
[Result "1-0"]
[WhiteElo "1870"]
[BlackElo "1700"]
[PlyCount "89"]
[EventDate "1996.??.??"]

{3/(1)} 1. e4 c5 2. Nf3 d6 3. d4 cxd4 4. Nxd4 Nf6 5. Nc3 a6 6. Be2 e6 7. O-O
Be7 8. f4 O-O 9. Be3 Qc7 10. Kh1 Nc6 11. Nb3 Re8 12. a3 b5 13. Bf3 Bb7 14. Qe2
Bf8 15. g4 Rab8 16. g5 Nd7 17. Rad1 f5 18. gxf6 Nxf6 19. Rg1 Rbd8 20. h4 Kh8
21. a4 b4 22. Na2 Qe7 23. Kg2 d5 24. Bc5 Qf7 25. e5 Nd7 26. Be3 Be7 27. Rh1 d4
28. Nxd4 Nxd4 29. Rxd4 Bxf3+ 30. Qxf3 Qg6+ 31. Kh3 Qxc2 32. Nxb4 Qf5+ 33. Qg4
Bxb4 34. Qxf5 exf5 35. Rxb4 Nf8 36. Bd4 Ne6 37. Bc3 Nxf4+ 38. Rxf4 Rd3+ 39. Kg2
g6 40. Rd4 Re3 41. Rd7 Kg8 42. Ra7 Re6 43. Rd1 Re8 44. Rxa6 Kg7 45. Rd7+ 1-0

[Event "Kalamazoo (Swiss/5/2)"]
[Site "?"]
[Date "1996.??.??"]
[Round "?"]
[White "Brown, Dan"]
[Black "Juntunen, Michael"]
[Result "1-0"]
[WhiteElo "1870"]
[BlackElo "1605"]
[PlyCount "58"]
[EventDate "1996.??.??"]

{5/(2)} 1. e4 e5 2. Nf3 d5 3. exd5 Bd6 4. Nc3 Nf6 5. Bb5+ c6 6. dxc6 bxc6 7.
Ba4 Ba6 8. d3 O-O 9. Bg5 Qb6 10. Bb3 Nbd7 11. a3 Ng4 12. Bh4 Nc5 13. Na4 Qa5+
14. Qd2 Nxb3 15. cxb3 Qd5 16. O-O Bxd3 17. Nc3 Qe6 18. Qxd3 Rae8 19. Ne4 Bc7
20. h3 Nf6 21. Nxf6+ gxf6 22. Qc4 Qf5 23. Qg4+ Qg6 24. Bxf6 Qxg4 25. hxg4 Re6
26. g5 h6 27. Rae1 hxg5 28. Bxg5 Kg7 29. Bh4 e4 1-0

[Event "Flint (MI Ch Spon/3)"]
[Site "?"]
[Date "1996.??.??"]
[Round "?"]
[White "Brown, Dan"]
[Black "Bailey, Greg"]
[Result "0-1"]
[WhiteElo "1875"]
[BlackElo "2005"]
[PlyCount "50"]
[EventDate "1996.??.??"]

1. d4 Nf6 2. c4 e6 3. Nc3 Bb4 4. Bg5 Bxc3+ 5. bxc3 h6 6. Bh4 c5 7. Qa4 Nc6 8.
Nf3 Qa5 9. Qxa5 Nxa5 10. e3 Ne4 11. Rc1 b6 12. Be2 Ba6 13. Ne5 Rc8 14. f3 Nf6
15. e4 d6 16. Nd3 Bxc4 17. Ra1 g5 18. Bg3 Ke7 19. e5 dxe5 20. Bxe5 cxd4 21.
Bxd4 Rhd8 22. Ne5 Bxe2 23. Kxe2 Nd5 24. Rac1 Nf4+ 25. Kf1 Rxd4 0-1

[Event "Lansing (MI Op/4/16)"]
[Site "?"]
[Date "1996.??.??"]
[Round "?"]
[White "Brooks, John"]
[Black "Wisckol, Richard"]
[Result "1/2-1/2"]
[WhiteElo "2245"]
[BlackElo "1900"]
[PlyCount "240"]
[EventDate "1996.??.??"]

{4/(16)} 1. e4 c5 2. Nf3 Nc6 3. d4 cxd4 4. Nxd4 g6 5. c4 Bg7 6. Be3 Nf6 7. Nc3
O-O 8. Be2 d6 9. O-O Bd7 10. Rc1 Nxd4 11. Bxd4 Bc6 12. Qd3 Nd7 13. Bxg7 Kxg7
14. b4 b6 15. h4 h5 16. Qg3 Kh7 17. f4 e6 18. Bf3 Rc8 19. Rfd1 Qe7 20. Qg5 f6
21. Qg3 Rfd8 22. Re1 Qf7 23. Red1 Qe7 24. Kh2 Kh6 25. Qh3 Nf8 26. Re1 Qc7 27.
Qg3 Qf7 28. Rg1 Qc7 29. Kh1 Re8 30. Qh2 f5 31. Qg3 Nh7 32. e5 dxe5 33. fxe5 Qe7
34. Qf4+ Kg7 35. a3 g5 36. hxg5 Qxg5 37. Qxg5+ Nxg5 38. Bxc6 Rxc6 39. Nb5 a5
40. Nd6 Re7 41. c5 axb4 42. cxb6 Rxb6 43. Nc8 Reb7 44. Nxb6 Rxb6 45. Rc7+ Kg6
46. Rb1 b3 47. Rc3 b2 48. Rc2 Ra6 49. Rbxb2 Rxa3 50. Rb7 f4 51. Rc8 Ne4 52. Rf8
Ra5 53. Rxf4 Rxe5 54. Kh2 Nf6 55. Rf3 Re4 56. Kh3 Nh7 57. Rg3+ Ng5+ 58. Kh2 h4
59. Rgb3 Re2 60. Rb2 Re3 61. R7b3 Re1 62. Ra2 Re4 63. Ra8 Re2 64. Ra4 h3 65.
Rg3 Rxg2+ 66. Rxg2 hxg2 67. Kxg2 Kf5 68. Kf2 e5 69. Ke3 Ne6 70. Ra8 Ng5 71.
Rf8+ Ke6 72. Rf1 Kd5 73. Rg1 Ne6 74. Rd1+ Nd4 75. Rd2 Ke6 76. Ke4 Nf5 77. Ra2
Nd6+ 78. Kd3 Kf5 79. Ra6 Ke6 80. Kc3 Kd5 81. Rb6 Ne4+ 82. Kd3 Nd6 83. Rb4 Kc5
84. Rh4 Kd5 85. Rh6 Nf5 86. Ra6 Nd6 87. Ke3 Nc4+ 88. Kf3 Nd6 89. Ra4 Ke6 90.
Kg4 Kf6 91. Ra5 Ke6 92. Kg5 Nf7+ 93. Kg6 Nh8+ 94. Kg7 Nf7 95. Kg6 Nh8+ 96. Kh5
Nf7 97. Ra8 Nd6 98. Kg6 Ke7 99. Ra5 Ke6 100. Rc5 Ne4 101. Rb5 Nd6 102. Ra5 Ne4
103. Ra6+ Nd6 104. Ra8 Ke7 105. Rh8 Ke6 106. Rf8 Kd5 107. Rf1 Ke6 108. Rf6+ Kd5
109. Kh5 Ne4 110. Rg6 Nf2 111. Kh4 Ne4 112. Kg4 Nd6 113. Kf3 Ne4 114. Ke3 Nd6
115. Kd3 Ne4 116. Rh6 Nd6 117. Kc3 Ne4+ 118. Kb4 Nd6 119. Rh8 Ke6 120. Rh1 Kd5
1/2-1/2

[Event "Howell (MI Inv/2)"]
[Site "?"]
[Date "1996.??.??"]
[Round "?"]
[White "Brooks, John"]
[Black "Rajlich, Vasik"]
[Result "0-1"]
[WhiteElo "2220"]
[BlackElo "2195"]
[PlyCount "85"]
[EventDate "1996.??.??"]

1. d4 Nf6 2. c4 g6 3. Nf3 Bg7 4. Nc3 O-O 5. e4 d6 6. h3 e5 7. dxe5 dxe5 8. Qxd8
Rxd8 9. Bg5 c6 10. Be2 Na6 11. O-O Nc5 12. b4 Ne6 13. Be3 Nd4 14. Bd1 Nh5 15.
Bg5 f6 16. Be3 Be6 17. g4 Nf4 18. Bxf4 Nxf3+ 19. Bxf3 exf4 20. Nd5 cxd5 21.
exd5 Bf7 22. Rad1 a5 23. a3 axb4 24. axb4 Ra3 25. Kg2 Ra4 26. c5 Rxb4 27. d6
Rb5 28. Rc1 Be8 29. Bd5+ Kf8 30. Rfe1 b6 31. Rxe8+ Rxe8 32. d7 Rd8 33. c6 Rxd5
34. c7 R5xd7 35. c8=Q Rxc8 36. Rxc8+ Ke7 37. Rb8 Rd6 38. Rb7+ Kf8 39. Kf3 g5
40. h4 Re6 41. h5 Kg8 42. Rb8+ Bf8 43. h6 0-1

[Event "Detroit (MEX/4/1)"]
[Site "?"]
[Date "1996.??.??"]
[Round "?"]
[White "Brooks, John"]
[Black "Rajlich, Vasik"]
[Result "1-0"]
[WhiteElo "2200"]
[BlackElo "2250"]
[PlyCount "121"]
[EventDate "1996.??.??"]

{4/(1)} 1. e4 c5 2. Nf3 d6 3. d4 cxd4 4. Nxd4 Nf6 5. Nc3 a6 6. a4 e5 7. Nf3 Be7
8. Bc4 O-O 9. O-O Nc6 10. h3 Be6 11. Bxe6 fxe6 12. Re1 Qe8 13. Be3 Qg6 14. Nh4
Qh5 15. Nf3 Qg6 16. Nh4 Qf7 17. Nf3 Nh5 18. Kh2 Nf4 19. Bxf4 Qxf4+ 20. Kh1 Rf6
21. Re3 Qh6 22. Ne2 g5 23. Nh2 Qg6 24. f3 Rc8 25. Rc3 Rff8 26. a5 h5 27. Qd2
Kg7 28. Rb3 Rc7 29. Rd3 Rfc8 30. c4 Nd8 31. b3 Rc5 32. Nc3 Nf7 33. Na4 R5c6 34.
Kg1 Bd8 35. Qb4 R8c7 36. Rad1 Qf6 37. Qe1 Rc8 38. Ra1 Bc7 39. Kh1 Bb8 40. Nb6
R8c7 41. b4 Ba7 42. b5 axb5 43. cxb5 Rc2 44. Na8 Rc8 45. b6 Rxa8 46. bxa7 Rxa7
47. Qb1 Rc6 48. Rb3 Qf4 49. Nf1 Rxa5 50. Rxa5 Rc1 51. Qd3 g4 52. Rb1 Rxb1 53.
Qxb1 gxh3 54. Ra2 Ng5 55. Nh2 d5 56. exd5 exd5 57. Qxb7+ Kf6 58. Qc6+ Ne6 59.
Ra6 hxg2+ 60. Kxg2 Qd2+ 61. Kh3 1-0

[Event "Howell (MI Inv/3)"]
[Site "?"]
[Date "1996.??.??"]
[Round "?"]
[White "Brooks, John"]
[Black "Noren, Kevin"]
[Result "1-0"]
[WhiteElo "2220"]
[BlackElo "2320"]
[PlyCount "65"]
[EventDate "1996.??.??"]

1. d4 Nf6 2. c4 e6 3. Nc3 Bb4 4. Bg5 h6 5. Bxf6 Qxf6 6. Nf3 Bxc3+ 7. bxc3 d6 8.
e3 O-O 9. Bd3 e5 10. Qb1 Qe7 11. O-O f5 12. Nd2 e4 13. Be2 Nd7 14. Qb3 c5 15.
Rae1 Nf6 16. f3 b6 17. fxe4 fxe4 18. Rf4 Bb7 19. Ref1 Nh7 20. d5 Rxf4 21. Rxf4
Nf6 22. Qc2 Re8 23. Bg4 Kh8 24. Be6 Rf8 25. Nxe4 Nxe4 26. Qxe4 g5 27. Rxf8+
Qxf8 28. Qg6 Ba6 29. Bf5 Qg7 30. Qe8+ Qg8 31. Qe7 Qg7 32. Qd8+ Qg8 33. Qxd6 1-0

[Event "Detroit (MEX/3/2)"]
[Site "?"]
[Date "1996.??.??"]
[Round "?"]
[White "Brooks, John"]
[Black "Calton, Bill"]
[Result "1-0"]
[WhiteElo "2200"]
[BlackElo "2165"]
[PlyCount "183"]
[EventDate "1996.??.??"]

{3/(2)} 1. e4 c6 2. c4 d5 3. cxd5 cxd5 4. exd5 Nf6 5. Qa4+ Nbd7 6. Nc3 a6 7. d4
Rb8 8. Bf4 b5 9. Qb3 Rb6 10. Be2 Bb7 11. Bf3 b4 12. Nd1 Rb5 13. Ne3 Qa8 14. Rc1
Nb6 15. Be2 Rxd5 16. Nxd5 Bxd5 17. Bf3 e6 18. Bxd5 Nfxd5 19. Be5 Nc3 20. Kf1
Ncd5 21. Nf3 Kd7 22. Ke2 f6 23. Bg3 g6 24. Rhe1 Bh6 25. Rc5 a5 26. Qd3 Ke7 27.
Kf1 Re8 28. Qb5 Kf7 29. Bc7 Re7 30. Bxb6 Rb7 31. Qc6 Qa6+ 32. Kg1 Rxb6 33. Qd7+
Ne7 34. Rc7 Bf8 35. d5 e5 36. Ra7 Rd6 37. Rxa6 Rxd7 38. Rxa5 Rxd5 39. Ra7 Ke6
40. g4 Rd3 41. Kg2 h5 42. Ra6+ Kf7 43. gxh5 gxh5 44. Rxe5 Nd5 45. Rf5 Rd1 46.
Ne5+ Kg7 47. Nf3 Ne7 48. Rfxf6 Rb1 49. Ne5 Rxb2 50. Rf7+ Kg8 51. Ra8 Ng6 52.
Nxg6 Kxf7 53. Nxf8 Rd2 54. h4 Rd4 55. Nh7 Rxh4 56. Ng5+ Kf6 57. Nh3 Rg4+ 58.
Kf3 Rc4 59. Ra5 Rc3+ 60. Kg2 h4 61. Nf4 Rc4 62. Kf3 Rc3+ 63. Kg4 Rc4 64. Rf5+
Ke7 65. Kf3 Rc3+ 66. Kg2 Rc4 67. Ng6+ Ke6 68. Rf4 Rc2 69. Rxb4 h3+ 70. Kg3 h2
71. Rh4 Kf6 72. Nf4 Rxa2 73. Rxh2 Kf5 74. Rh5+ Kf6 75. f3 Ra1 76. Rd5 Rg1+ 77.
Kf2 Ra1 78. Ke3 Re1+ 79. Ne2 Ke6 80. Ra5 Kf6 81. f4 Kf7 82. Kf3 Ke7 83. Ng3 Rb1
84. Ne4 Rg1 85. f5 Rf1+ 86. Kg4 Kf7 87. Ra7+ Kf8 88. Kg5 Re1 89. Kf6 Kg8 90.
Ra8+ Kh7 91. Ng5+ Kh6 92. Rh8# 1-0

[Event "Detroit (MEX/1/6)"]
[Site "?"]
[Date "1996.??.??"]
[Round "?"]
[White "Brooks, John"]
[Black "Bailey, Greg"]
[Result "1/2-1/2"]
[WhiteElo "2200"]
[BlackElo "2035"]
[PlyCount "161"]
[EventDate "1996.??.??"]

{1/(6)} 1. e4 c6 2. c4 d5 3. cxd5 cxd5 4. exd5 Nf6 5. Qa4+ Bd7 6. Qb3 Qc7 7.
Nc3 a6 8. a4 Qe5+ 9. Nge2 Bc8 10. d4 Qd6 11. Bf4 Qd8 12. Ng3 g6 13. h4 Bg7 14.
h5 O-O 15. hxg6 hxg6 16. Bc4 Nbd7 17. a5 b5 18. Be2 Bb7 19. Bf3 Re8 20. Kf1 Rc8
21. Bh6 Bh8 22. Be3 Rc4 23. Be2 Rc8 24. f4 Nf8 25. Bf3 Rc4 26. f5 Bxd5 27. fxg6
Nxg6 28. Nxd5 Nxd5 29. Nf5 e6 30. Nh6+ Kf8 31. Bf2 Bxd4 32. Bxd4 Rxd4 33. Kg1
Kg7 34. Ng4 Qg5 35. Nf2 Rd8 36. Rh5 Qf4 37. Qc2 Qc7 38. Qxc7 Nxc7 39. Rc5 Nd5
40. Rc6 Nb4 41. Rb6 Ne5 42. Be2 Nd7 43. Rb7 Nc5 44. Re7 Ncd3 45. Nxd3 Nxd3 46.
Ra7 Nb4 47. Rc1 R4d7 48. Rcc7 Rxc7 49. Rxc7 Kg6 50. Rb7 Rd2 51. Bxb5 axb5 52.
Rxb5 Rxb2 53. a6 Rb1+ 54. Kh2 Ra1 55. Rxb4 Rxa6 56. Kg3 e5 57. Rb3 Rf6 58. Rb8
Rf4 59. Kh2 Kf5 60. Kg3 f6 61. Rb1 Ke6 62. Rd1 Rd4 63. Ra1 f5 64. Ra5 Rd3+ 65.
Kf2 f4 66. Rb5 Kf5 67. Ra5 Rd2+ 68. Kf3 Rd3+ 69. Kf2 Ke4 70. Ra4+ Kd5 71. Ra5+
Kd4 72. Ra4+ Kc3 73. Ra3+ Kc2 74. Ra2+ Kb3 75. Re2 Rd5 76. g3 fxg3+ 77. Kxg3
Kc3 78. Kf3 Kd3 79. Re3+ Kd4 80. Re1 Ra5 81. Rd1+ 1/2-1/2

[Event "Cadillac Open/5/23"]
[Site "?"]
[Date "1996.??.??"]
[Round "?"]
[White "Brooks, D."]
[Black "Townsend, Paul"]
[Result "0-1"]
[WhiteElo "1605"]
[BlackElo "1930"]
[PlyCount "44"]
[EventDate "1996.??.??"]

{5/23} 1. d4 Nf6 2. Nd2 d5 3. Ngf3 c5 4. c3 Nc6 5. e3 g6 6. Bd3 Bg4 7. O-O Qc7
8. Re1 O-O-O 9. e4 cxd4 10. cxd4 dxe4 11. Nxe4 Rxd4 12. Qb3 Bxf3 13. gxf3 Ne5
14. Re3 Nd5 15. Re2 Rxd3 16. Qc2 Nxf3+ 17. Kf1 Qxc2 18. Nd6+ exd6 19. Re8+ Kd7
20. Re2 Rd1+ 21. Kg2 Rg1+ 22. Kxf3 Qf5+ 0-1

[Event "Cadillac Open/2/21"]
[Site "?"]
[Date "1996.??.??"]
[Round "?"]
[White "Brooks, D."]
[Black "Saylor, Oliver"]
[Result "0-1"]
[WhiteElo "1605"]
[BlackElo "1605"]
[PlyCount "52"]
[EventDate "1996.??.??"]

{2/21} 1. d4 d5 2. Nf3 Nc6 3. e3 Nf6 4. Bd3 Bg4 5. Nbd2 g6 6. O-O Bg7 7. Qe1
O-O 8. e4 Bxf3 9. Nxf3 dxe4 10. Bxe4 Nxe4 11. Qxe4 Bxd4 12. Rd1 Bxf2+ 13. Kxf2
Qxd1 14. Qe3 Qxc2+ 15. Bd2 Qxb2 16. Rc1 Qxa2 17. Ke1 Qe6 18. Kf2 Qxe3+ 19. Bxe3
a5 20. Rc4 a4 21. Rh4 f6 22. Bc5 a3 23. Nd4 Nxd4 24. Rxd4 a2 25. Rd1 a1=Q 26.
Rxa1 Rxa1 0-1

[Event "Cadillac Open/1a/9"]
[Site "?"]
[Date "1996.??.??"]
[Round "?"]
[White "Brooks, D."]
[Black "Barta, Roger"]
[Result "0-1"]
[WhiteElo "1605"]
[BlackElo "1675"]
[PlyCount "86"]
[EventDate "1996.??.??"]

1. d4 d5 2. Nf3 Nf6 3. e3 e6 4. Bd3 c5 5. c3 Nc6 6. O-O Bd6 7. Nbd2 O-O 8. Qe2
Re8 9. e4 dxe4 10. Nxe4 Nxe4 11. Bxe4 cxd4 12. Nxd4 Nxd4 13. cxd4 Qb6 14. Be3
Bd7 15. d5 Bb5 16. Qe1 Qa6 17. Qc3 Bxf1 18. Rxf1 Rac8 19. Qb3 Bc5 20. dxe6 Qxe6
21. Bxb7 Qxb3 22. axb3 Rc7 23. Bxc5 Rxc5 24. b4 Rce5 25. g3 Re1 26. Rxe1 Rxe1+
27. Kg2 Rb1 28. b5 Rxb2 29. Bc6 Kf8 30. Kf3 Ke7 31. Be4 Rxb5 32. Bxh7 g6 33.
Ke4 Kf6 34. f4 Kg7 35. Bxg6 fxg6 36. g4 a5 37. f5 a4 38. Kd4 a3 39. g5 gxf5 40.
h4 a2 41. Kc4 Rb8 42. h5 a1=Q 43. h6+ Kg6 0-1

[Event "Flint (MI Jr Spon/4)"]
[Site "?"]
[Date "1996.??.??"]
[Round "?"]
[White "Brinks, K."]
[Black "Menczer, David"]
[Result "1-0"]
[WhiteElo "1605"]
[BlackElo "1605"]
[PlyCount "111"]
[EventDate "1996.??.??"]

1. d4 d5 2. e4 dxe4 3. Nc3 Nf6 4. f3 Nc6 5. d5 Nb8 6. fxe4 e6 7. Bg5 Be7 8.
Bb5+ c6 9. dxc6 O-O 10. e5 Nd5 11. Bxe7 Nxe7 12. Qxd8 Rxd8 13. c7 Rf8 14.
cxb8=Q Rxb8 15. O-O-O a6 16. Be2 b5 17. a3 Bb7 18. Bf3 Ng6 19. Bxb7 Rxb7 20.
Nf3 a5 21. Rd6 b4 22. axb4 axb4 23. Na4 b3 24. Nc3 bxc2 25. Kxc2 Rfb8 26. Rb1
Rc8 27. Rc1 h6 28. Rcd1 Kf8 29. Rd8+ Rxd8 30. Rxd8+ Ke7 31. Rg8 Nf4 32. Rxg7
Nd5 33. Nxd5+ exd5 34. b3 Kf8 35. Rg4 Rb6 36. Rd4 Rb5 37. g4 Kg7 38. h4 Kg6 39.
b4 f6 40. exf6 Kxf6 41. Kd3 Ke6 42. g5 h5 43. Rf4 Rb8 44. Rf6+ Ke7 45. Ne5 Rxb4
46. Nc6+ Ke8 47. Nxb4 Kd7 48. Nc6 Ke8 49. Kd4 Kd7 50. Kxd5 Ke8 51. g6 Kd7 52.
g7 Kc7 53. g8=Q Kb7 54. Na5+ Kc7 55. Qg7+ Kc8 56. Rf8# 1-0

[Event "Flint (MI Jr Spon/2)"]
[Site "?"]
[Date "1996.??.??"]
[Round "?"]
[White "Brinks, K."]
[Black "King, Billy"]
[Result "1-0"]
[WhiteElo "1605"]
[BlackElo "1605"]
[PlyCount "81"]
[EventDate "1996.??.??"]

1. d4 d5 2. e4 dxe4 3. Nc3 e6 4. f3 c5 5. d5 exf3 6. Nxf3 Nf6 7. Bb5+ Bd7 8.
dxe6 fxe6 9. Ne5 a6 10. Bc4 b5 11. Be2 h6 12. Bh5+ Nxh5 13. Qxh5+ Ke7 14. Ng6+
Kd6 15. Nxh8 Kc7 16. Bf4+ Kc8 17. O-O-O Qf6 18. Rhf1 Nc6 19. Bd6 Qxf1 20. Rxf1
Bxd6 21. Ne4 Kc7 22. Nxd6 Kxd6 23. Nf7+ Kc7 24. Ne5 Be8 25. Qe2 Nd4 26. Qe4 Rd8
27. c3 Nf5 28. Rd1 Rxd1+ 29. Kxd1 Kd6 30. Nf3 Bc6 31. Qe5+ Kd7 32. Kc1 c4 33.
Qc5 Bxf3 34. gxf3 g5 35. Qa7+ Kd8 36. Qxa6 Ke7 37. Qxb5 Nd6 38. Qe5 Nf5 39. a4
Kd7 40. a5 Kc8 41. Qxe6+ 1-0

[Event "Flint (MI Ch Spon/2)"]
[Site "?"]
[Date "1996.??.??"]
[Round "?"]
[White "Brinks, K."]
[Black "Brown, Dan"]
[Result "0-1"]
[WhiteElo "1605"]
[BlackElo "1875"]
[PlyCount "100"]
[EventDate "1996.??.??"]

1. d4 Nf6 2. Bg5 e6 3. e4 Be7 4. Nd2 h6 5. Bxf6 Bxf6 6. Ngf3 O-O 7. e5 Be7 8.
c3 b6 9. Bd3 Bb7 10. O-O f5 11. Qe2 Qe8 12. Rac1 Qg6 13. Ne1 Nc6 14. Ba6 Bxa6
15. Qxa6 d6 16. Qb7 Qe8 17. exd6 Bxd6 18. Qa6 e5 19. dxe5 Nxe5 20. Ndf3 Qh5 21.
Nxe5 Bxe5 22. Qc4+ Kh8 23. Nf3 Bd6 24. Qh4 Qf7 25. Qa4 a5 26. c4 Rad8 27. Rfe1
Bc5 28. Rc2 Qf6 29. Qb3 Bb4 30. Rec1 Rfe8 31. a3 Bc5 32. Qc3 Qxc3 33. Rxc3 Re2
34. b4 axb4 35. axb4 Bxb4 36. Re3 Rxe3 37. fxe3 Bc5 38. Re1 f4 39. Ne5 Kg8 40.
Nc6 Rd2 41. Nd4 Bxd4 42. exd4 Rxd4 43. Rc1 Kf7 44. Kf2 c6 45. Rc2 g5 46. g3
fxg3+ 47. Kxg3 Rf4 48. h3 Kf6 49. Kg2 Ke5 50. Re2+ Re4 0-1

[Event "Lansing (MOR/7/28)"]
[Site "?"]
[Date "1996.??.??"]
[Round "?"]
[White "Brauker, J."]
[Black "Sellers, Matt"]
[Result "0-1"]
[WhiteElo "1605"]
[BlackElo "1605"]
[PlyCount "56"]
[EventDate "1996.??.??"]

{7/(28)} 1. d4 Nf6 2. c4 c5 3. d5 e6 4. Nc3 exd5 5. cxd5 d6 6. Nf3 g6 7. e4 Bg7
8. Bb5+ Nbd7 9. O-O O-O 10. Re1 a6 11. Bxd7 Nxd7 12. Bf4 Qc7 13. a4 Re8 14. Qc2
Rb8 15. Rab1 b5 16. axb5 axb5 17. b3 Ba6 18. Ra1 Rb6 19. Ra2 Bb7 20. Ra5 b4 21.
Nb5 Qb8 22. Na7 Bc3 23. Rd1 Nf6 24. Nc6 Bxc6 25. dxc6 Nxe4 26. Qd3 Rxc6 27. Ra6
c4 28. Bxd6 Nxd6 0-1

[Event "Lansing (MOR/5/21)"]
[Site "?"]
[Date "1996.??.??"]
[Round "?"]
[White "Brauker, J."]
[Black "Moore, Robert"]
[Result "1-0"]
[WhiteElo "1605"]
[BlackElo "1720"]
[PlyCount "113"]
[EventDate "1996.??.??"]

{5/(21)} 1. d4 g6 2. e4 d6 3. f4 Bg7 4. Nf3 Nf6 5. Nc3 O-O 6. Be3 Ng4 7. Bg1 e5
8. h3 exd4 9. Bxd4 Nf6 10. Bd3 Nc6 11. Be3 Re8 12. Qd2 Nb4 13. O-O-O Nxd3+ 14.
cxd3 d5 15. g4 dxe4 16. dxe4 Qxd2+ 17. Nxd2 Bd7 18. e5 Bf8 19. Rhe1 Nxg4 20.
hxg4 Bxg4 21. Nde4 Be7 22. Rd2 h5 23. Nd5 Kg7 24. Nef6 Bxf6 25. Nxf6 Red8 26.
Nxg4 Rxd2 27. Kxd2 hxg4 28. Rg1 Rh8 29. Rxg4 Rh2+ 30. Kc3 Rh3 31. Kd3 c5 32.
Ke4 b6 33. Rg2 Kf8 34. Rd2 Ke7 35. Rd6 Rh2 36. Bd2 Rh3 37. a4 Rb3 38. Bc3 b5
39. axb5 Rxb5 40. Ra6 Rb7 41. Ra5 Rc7 42. Rxc5 Rb7 43. Ra5 Rc7 44. Bd4 Rc4 45.
Rxa7+ Ke6 46. Ra1 Rb4 47. Rb1 Rb3 48. Bc3 Rb5 49. b4 Rb7 50. b5 Kd7 51. b6 Kc6
52. Bd4 Kd7 53. Kd5 Rb8 54. b7 Kc7 55. Bc5 Rxb7 56. Rxb7+ Kxb7 57. Kd6 1-0

[Event "Lansing (MOR/3/36)"]
[Site "?"]
[Date "1996.??.??"]
[Round "?"]
[White "Brauker, J."]
[Black "Choate, Eric"]
[Result "1-0"]
[WhiteElo "1605"]
[BlackElo "1605"]
[PlyCount "47"]
[EventDate "1996.??.??"]

{3/(36)} 1. d4 d5 2. c4 Nf6 3. cxd5 Nxd5 4. Nf3 e6 5. e4 Nf6 6. Bg5 Be7 7. Nc3
h6 8. Bh4 Nc6 9. Bc4 O-O 10. O-O a6 11. Re1 b5 12. Bb3 b4 13. Na4 Rb8 14. Rc1
Bb7 15. Nc5 Na5 16. Bg3 Bd6 17. Nxb7 Rxb7 18. e5 Bxe5 19. Bxe5 Nxb3 20. Qxb3
Ng4 21. Rc5 Re8 22. Rec1 Rb6 23. R1c4 a5 24. Bxc7 1-0

[Event "Howell (US Am N/1/15)"]
[Site "?"]
[Date "1996.??.??"]
[Round "?"]
[White "Brattin, Vincent"]
[Black "Rasor, J."]
[Result "1/2-1/2"]
[WhiteElo "1935"]
[BlackElo "1605"]
[PlyCount "73"]
[EventDate "1996.??.??"]

{1/(15)} 1. e4 c6 2. d4 d5 3. e5 Bf5 4. g4 Be4 5. f3 Bg6 6. Bd3 Bxd3 7. Qxd3 e6
8. Ne2 Nd7 9. O-O c5 10. c3 Qb6 11. Kg2 h5 12. b3 hxg4 13. fxg4 Nh6 14. h3 Qc7
15. Bg5 Be7 16. Bxe7 Kxe7 17. Nd2 Raf8 18. Rf2 f5 19. Nf4 fxg4 20. Ng6+ Kd8 21.
Rxf8+ Rxf8 22. Nxf8 gxh3+ 23. Qxh3 Nxf8 24. Rf1 Nf5 25. Rxf5 exf5 26. Qxf5 Qe7
27. Nf3 Ne6 28. dxc5 Nxc5 29. Nd4 Ke8 30. e6 Ne4 31. Qxd5 Qg5+ 32. Qxg5 Nxg5
33. Nb5 Nxe6 34. Nd6+ Kd7 35. Nxb7 Kc7 36. Na5 Nf4+ 37. Kf3 1/2-1/2

[Event "Howell (US Am N/4/14)"]
[Site "?"]
[Date "1996.??.??"]
[Round "?"]
[White "Brattin, Vincent"]
[Black "Pagel, R."]
[Result "1-0"]
[WhiteElo "1935"]
[BlackElo "1705"]
[PlyCount "85"]
[EventDate "1996.??.??"]

{4/(14)} 1. e4 Nf6 2. Nc3 d5 3. e5 d4 4. exf6 dxc3 5. fxg7 cxd2+ 6. Qxd2 Qxd2+
7. Bxd2 Bxg7 8. O-O-O Be6 9. Kb1 Nd7 10. Bg5 Nf6 11. f3 Rd8 12. Bb5+ c6 13.
Rxd8+ Kxd8 14. Bd3 h6 15. Be3 b6 16. Ne2 Nd5 17. Bd2 c5 18. Nf4 Nxf4 19. Bxf4
c4 20. Be4 Kc8 21. Rd1 Bd7 22. Bb7+ Kxb7 23. Rxd7+ Ka6 24. Rxe7 Rd8 25. Kc1 c3
26. bxc3 Bxc3 27. Rxf7 Rd4 28. Bxh6 Rh4 29. Bf4 Rh5 30. Bd2 Bd4 31. h3 Rb5 32.
c3 Bc5 33. Kc2 Ra5 34. g4 Rxa2+ 35. Kd3 Kb5 36. g5 Ra1 37. g6 a5 38. g7 Rg1 39.
h4 a4 40. c4+ Ka6 41. Bg5 a3 42. g8=Q Rd1+ 43. Bd2 1-0

[Event "Howell (US Am N/6/4)"]
[Site "?"]
[Date "1996.??.??"]
[Round "?"]
[White "Brattin, Vincent"]
[Black "Kitts, Gary"]
[Result "1/2-1/2"]
[WhiteElo "1930"]
[BlackElo "2035"]
[PlyCount "55"]
[EventDate "1996.??.??"]

{6/(4)} 1. e4 e6 2. Qe2 c5 3. g3 Nc6 4. Nf3 g6 5. Bg2 Bg7 6. Nc3 d6 7. O-O Nge7
8. d3 O-O 9. Bf4 Nd4 10. Qd2 Nec6 11. Nxd4 Nxd4 12. Nd1 Qe7 13. c3 Nc6 14. Bg5
Qd7 15. Bh6 b6 16. Bxg7 Kxg7 17. f4 f5 18. Ne3 Bb7 19. exf5 exf5 20. Nd5 Rae8
21. Rfe1 Kf7 22. b4 Ne7 23. Nxe7 Rxe7 24. Rxe7+ Qxe7 25. Re1 Qd7 26. Qe3 Bxg2
27. Kxg2 Re8 28. Qxe8+ 1/2-1/2

[Event "Kalamazoo (MI Am/5/23)"]
[Site "?"]
[Date "1996.??.??"]
[Round "?"]
[White "Brant, K."]
[Black "Mihelich, John"]
[Result "0-1"]
[WhiteElo "1605"]
[BlackElo "1605"]
[PlyCount "74"]
[EventDate "1996.??.??"]

{5/(23)} 1. e4 e5 2. Nf3 Nc6 3. Bc4 h6 4. Nc3 Nf6 5. O-O d6 6. h3 Be7 7. d3 a6
8. Be3 Be6 9. Bxe6 fxe6 10. Qd2 d5 11. exd5 exd5 12. d4 e4 13. Ne5 Bb4 14. Rad1
Ne7 15. a3 Bd6 16. Qe2 c5 17. f3 Qc7 18. fxe4 O-O-O 19. Nf7 Nxe4 20. Nxe4 dxe4
21. Nxh8 Rxh8 22. dxc5 Bxc5 23. Bxc5 Qxc5+ 24. Kh1 Nf5 25. Qg4 Rf8 26. Rde1 h5
27. Qg5 e3 28. Qf4 h4 29. Qg4 Kb8 30. Rc1 Ng3+ 31. Kh2 Nxf1+ 32. Kh1 e2 33.
Qxh4 Ng3+ 34. Qxg3+ Ka8 35. Qd3 Qf2 36. Kh2 Qf4+ 37. Qg3 Qxc1 0-1

[Event "Kalamazoo (MI Am/2/11)"]
[Site "?"]
[Date "1996.??.??"]
[Round "?"]
[White "Brant, K."]
[Black "Marson, Michael"]
[Result "0-1"]
[WhiteElo "1605"]
[BlackElo "1705"]
[PlyCount "50"]
[EventDate "1996.??.??"]

{2/(11)} 1. e4 e6 2. Nf3 d5 3. exd5 exd5 4. d4 Nf6 5. Bg5 Be7 6. Bd3 O-O 7. O-O
Bg4 8. h3 Bh5 9. Re1 Nbd7 10. Nc3 Re8 11. Re3 c5 12. Bxf6 Bxf6 13. Nxd5 Rxe3
14. fxe3 cxd4 15. Qf1 dxe3 16. Nxe3 Qb6 17. Re1 Re8 18. Qf2 Bxf3 19. gxf3 Bd4
20. Kh2 Bxe3 21. Qh4 Nf6 22. Kh1 Qd4 23. Bxh7+ Kf8 24. Be4 Nxe4 25. c3 Nf2+ 0-1

[Event "Flint (MI Senior/4/2)"]
[Site "?"]
[Date "1996.??.??"]
[Round "?"]
[White "Brady, Lindell"]
[Black "LaForge, Tom"]
[Result "1-0"]
[WhiteElo "1915"]
[BlackElo "1965"]
[PlyCount "135"]
[EventDate "1996.??.??"]

{4/(2)} 1. e4 e6 2. d4 d5 3. exd5 exd5 4. Bd3 Nc6 5. c3 Bd6 6. Nf3 Nge7 7. O-O
Bg4 8. Nbd2 Qd7 9. Re1 O-O-O 10. b4 Kb8 11. Qa4 Nxd4 12. Qxd7 Nxf3+ 13. Nxf3
Rxd7 14. Nd4 a6 15. a4 c5 16. bxc5 Bxc5 17. Rb1 Ka8 18. Nb3 Ba7 19. Nd4 Bxd4
20. cxd4 Bf5 21. Re3 Bxd3 22. Rxd3 Nf5 23. Ba3 h5 24. Bc5 Re8 25. Kf1 g6 26. h3
Re4 27. a5 Kb8 28. Rc1 Re8 29. Rdc3 Ka8 30. Bb6 Nd6 31. Rc7 Rde7 32. Rxe7 Rxe7
33. Bc5 Rc7 34. Re1 Ne4 35. Bb6 Re7 36. Kg1 Re6 37. Rc1 Rc6 38. Re1 Rf6 39. f3
Nd6 40. Re7 Kb8 41. Rd7 Nc8 42. Bc7+ Ka8 43. Rd8 b5 44. Rxc8+ Kb7 45. Be5 Rc6
46. Rxc6 Kxc6 47. Kf1 b4 48. Ke1 Kb5 49. Bc7 Kc4 50. Bd6 Kc3 51. Kd1 b3 52. Kc1
Kxd4 53. Kb2 Ke3 54. Bc5+ Kf4 55. Bf2 g5 56. Kxb3 f5 57. Kc3 Ke5 58. Kd3 g4 59.
hxg4 hxg4 60. fxg4 fxg4 61. Bg3+ Kf5 62. Kd4 Ke6 63. Bh2 Ke7 64. Kxd5 Kd7 65.
Kc5 Ke6 66. Kb6 Kd5 67. Kxa6 Ke4 68. Kb6 1-0